000 01026nas a2200325 4500
001 BR2014008138
003 BR-BrBNA
005 20231205124843.0
007 ta
008 230509b bl.|||p| |||| 00| 00por d
040 _aBR-BrBNA
_bpor
_cBiblioteca Nacional de Agricultura
041 _a(Pt)
072 _aF02
100 1 _aSouza, V.A.B. de
100 1 _avale, E. de M.
100 1 _aGomes, S.O.
100 1 _aCosta, M. do P.S.D.
100 1 _aGuimarães, A.R.C.
245 1 _aEfeito da concentração de sacarose na germinação in vitro do polén de cinco acessos de bacurizeiro (Platonia insignis Mart.)
650 _aBACURI
650 _aPLATONIA INSIGNIS
650 _aSACAROSE
650 _aPOLÉN
650 _aGERMINAÇÃO
650 _aCULTURA IN VITRO
650 _aMELHORAMENTO GENÉTICO VEGETAL
773 0 _tRevista Brasileira de Fruticultura (Brazil)
_xISSN 0100-2945
_g(Sep 2013), v. 35(3) p. 677-684
_wBR2014008138
909 _a202311
_bLúcia
_c55
_dLúcia Elande
942 _2AGRIS
_n0
_cANA
999 _c241252
_d241252